000 00517nam a22001577a 4500
005 20251124194448.0
008 251124b |||||||| |||| 00| 0 eng d
020 _a9780415268455
050 _aTA658
_b.A79
100 _aArya, Chanakya
245 _aDesign Structural Elements
_bconcrete, steelwork, masonry and timber design to British Standards and Eurocodes
_cChanakya Arya
250 _a2nd ed.
260 _aLondon
_aNew York
_bSpon Press
_c2008
300 _axix. 441p.
_bill.
_c24.5cm
942 _2lcc
_cBK
_e2nd ed.
_n0
999 _c8368
_d8368